| 000 | 00382nam a2200169Ia 4500 | ||
|---|---|---|---|
| 008 | 221030s9999 xx 000 0 und d | ||
| 020 | _a8120308352 | ||
| 041 | _aEnglish | ||
| 082 |
_a105.23 _bMan |
||
| 100 | _aM. M. Mano | ||
| 245 | 0 |
_aDigital Design _cby M. M. Mano |
|
| 250 | _a2nd | ||
| 260 |
_bPHI _aNew Delhi _c1999 |
||
| 300 | _a516 | ||
| 650 | _aBE Computer | ||
| 942 | _cBK | ||
| 999 |
_c2550 _d2550 |
||